| 000 | 00509nam a2200097Ia 4500 | ||
|---|---|---|---|
| 008 | 170517s9999 xx 000 0 und d | ||
| 245 | _aAmerican Visions | ||
| 300 | _aAmerican Visions, an eight-part series on American art written and narrated by Time magazine art critic Robert Hughes, is both an account of American life and a tribute to American art that will likely propel thousands of the not-yet-converted into museums and... | ||
| 650 | _xArt. | ||
| 856 | _uhttp://topdocumentaryfilms.com/american-visions/ | ||
| 999 |
_c333111 _d333111 |
||